Estudios literarios /

Guardado en:
Autor Principal: Macaulay,thomas Babington
Formato: Libro
Publicado: Madrid : Perlado, 1903
Materias:
Etiquetas: Agregar Etiqueta
Sin Etiquetas, Sea el primero en etiquetar este registro!
LEADER 00474nam a22001815a 4500
001 CEM.cems004046
005 20060216000000.0
008 130507s1903##################000#0#####d
003 CEMS
082 0 4 |a 820 
100 1 |a Macaulay,thomas Babington 
245 1 0 |a Estudios literarios / 
260 |a Madrid :  |b Perlado,  |c 1903 
300 |a 387 p. 
653 |a Critica literaria 
653 |a Ensayos 
653 |a Literatura 
859 |a CEMS  |b BIB. CEMS - 11 de abril  |h 820  |i M128  |p 10551.81  |t Ej.1